000 00332nam a2200121Ia 4500
008 220216s9999 xx 000 0 und d
100 _aSasidaran S S
245 0 _aAReflection of the plantation industry-its origin,quest and challenges:Part 3
260 _bThe Planter
_c2012
300 _a915-920
650 _aRubber
942 _cJS
999 _c54484
_d54484